000 00973nas a2200313 4500
001 BR2018001192
003 BR-BrBNA
005 20231205131336.0
007 ta
008 230509b bl.|||p| |||| 00| 00por d
040 _aBR-BrBNA
_bpor
_cBiblioteca Nacional de Agricultura
041 _a(En)
072 _aK10
100 1 _aBressane, A.
100 1 _aBagatini, J.A.
100 1 _aBiagolini, C.H.
100 1 _aRoveda, J.A.F.
100 1 _aRoveda, S.R.M.M.
100 1 _aFengler, F.H.
100 1 _aLongo, R.M.
245 1 _aNeuro-fuzzy modeling: a promising alternative for risk analysis in urban afforestation management
650 _aARBORIZAÇÃO
650 _aGESTÃO
650 _aRISCO
773 0 _tRevista Árvore (Brazil)
_xISSN 1806-9088
_g(2018), v. 42(1) p. 1-10
_wBR2018001192
856 4 0 _uhttp://www.scielo.br/pdf/rarv/v42n1/0100-6762-rarv-42-01-e420106.pdf
909 _a202311
_bLúcia
_c55
_dLúcia Elande
942 _2AGRIS
_n0
_cANA
999 _c254291
_d254291